[Event "FICGS rapid D 000104 email"]
[Site "FICGS email"]
[Date "2017.06.15"]
[Round "1"]
[White "Marques, Joao"]
[Black "Foster, Duncan"]
[Result "0-1"]
[WhiteElo "1472"]
[BlackElo "1667"]
[PlyCount "64"]
[EventDate "2017.??.??"]
[EventType "tourn (rapid)"]
[EventRounds "5"]
[SourceTitle "Corr 2022"]
[Source "ChessBase"]
[SourceDate "2021.10.24"]
[SourceVersion "1"]
[SourceVersionDate "2021.10.24"]
[SourceQuality "1"]

1. e4 e5 2. Nf3 Nc6 3. Bb5 a6 4. Ba4 Nf6 5. 0-0 b5 6. Bb3 Bc5 7. c3 d6 8. Bc2 0-0 9. Re1 Bb6 10. d4 Bg4 11. d5 Ne7 12. Bg5 Ng6 13. Nbd2 h6 14. Be3 Rb8 15. h3 Bd7 16. Bxb6 Rxb6 17. Rb1 Nf4 18. Nf1 Qc8 19. N3h2 c5 20. b3 c4 21. bxc4 Qxc4 22. Qd2 Qxa2 23. Bb3 Qxd2 24. Nxd2 Nd3 25. Re3 Nc5 26. Ba2 Rc8 27. c4 b4 28. f3 Nh5 29. Kf2 Nf4 30. Nhf1 a5 31. Nb3 Ncd3+ 32. Kg1 a4 0-1

[Event "FICGS rapid D 000104 email"]
[Site "FICGS email"]
[Date "2017.06.15"]
[Round "1"]
[White "Marques, Joao"]
[Black "Hilbert, Stephan"]
[Result "0-1"]
[WhiteElo "1472"]
[BlackElo "1497"]
[PlyCount "34"]
[EventDate "2017.??.??"]
[EventType "tourn (rapid)"]
[EventRounds "5"]
[SourceTitle "Corr 2022"]
[Source "ChessBase"]
[SourceDate "2021.10.24"]
[SourceVersion "1"]
[SourceVersionDate "2021.10.24"]
[SourceQuality "1"]

1. e4 d5 2. exd5 Qxd5 3. d4 e5 4. dxe5 Qxd1+ 5. Kxd1 Nc6 6. Nf3 Bg4 7. Be2 0-0-0+ 8. Bd2 Bxf3 9. Bxf3 Nxe5 10. Ke2 Bc5 11. Re1 Nf6 12. Kf1 Rhe8 13. Bg5 Nfg4 14. Bxg4+ Nxg4 15. Bxd8 Nxh2+ 16. Kg1 Nf3+ 17. gxf3 Rxe1+ 0-1

[Event "FICGS W-ch st1 g04 email"]
[Site "FICGS email"]
[Date "2009.11.02"]
[Round "1"]
[White "Marques, Joao"]
[Black "D Ettorre, Rodolfo"]
[Result "0-1"]
[WhiteElo "1401"]
[BlackElo "1950"]
[PlyCount "50"]
[EventDate "2009.??.??"]
[EventType "tourn (corr)"]
[EventRounds "8"]
[SourceTitle "Corr 2022"]
[Source "ChessBase"]
[SourceDate "2021.10.24"]
[SourceVersion "1"]
[SourceVersionDate "2021.10.24"]
[SourceQuality "1"]

1. e4 c5 2. Nf3 d6 3. d4 cxd4 4. Nxd4 Nf6 5. Nc3 a6 6. Bc4 e6 7. 0-0 b5 8. Be2 b4 9. Na4 Bd7 10. c3 Qa5 11. b3 bxc3 12. Qd3 Bxa4 13. bxa4 Nbd7 14. Bd1 Nc5 15. Qe3 Nfxe4 16. Ba3 d5 17. Bf3 e5 18. Nc6 Qc7 19. Bxe4 Nxe4 20. Bxf8 Kxf8 21. Nb4 Qc4 22. a3 a5 23. Nd3 Nd2 24. Rfd1 d4 25. Qg3 f6 0-1

[Event "FICGS W-ch st1 g04 email"]
[Site "FICGS email"]
[Date "2009.11.02"]
[Round "1"]
[White "Marques, Joao"]
[Black "Hrubaru, Mircea"]
[Result "0-1"]
[WhiteElo "1401"]
[BlackElo "1740"]
[PlyCount "28"]
[EventDate "2009.??.??"]
[EventType "tourn (corr)"]
[EventRounds "8"]
[SourceTitle "Corr 2022"]
[Source "ChessBase"]
[SourceDate "2021.10.24"]
[SourceVersion "1"]
[SourceVersionDate "2021.10.24"]
[SourceQuality "1"]

1. e4 c5 2. Nf3 Nc6 3. d4 cxd4 4. Nxd4 Nf6 5. Bb5 Qa5+ 6. Bd2 Qb6 7. Bxc6 Qxd4 8. c3 Qb6 9. Bxd7+ Bxd7 10. b4 Nxe4 11. Be3 Qa6 12. Nd2 Nxc3 13. Qf3 Bc6 14. Qg3 Qe2# 0-1

[Event "FICGS rapid D 000028 email"]
[Site "FICGS email"]
[Date "2009.10.20"]
[Round "1"]
[White "Leurette, Marc Antoine"]
[Black "Marques, Joao"]
[Result "1-0"]
[WhiteElo "1389"]
[BlackElo "1417"]
[PlyCount "45"]
[EventDate "2009.??.??"]
[EventType "tourn (rapid)"]
[EventRounds "5"]
[SourceTitle "Corr 2022"]
[Source "ChessBase"]
[SourceDate "2021.10.24"]
[SourceVersion "1"]
[SourceVersionDate "2021.10.24"]
[SourceQuality "1"]

1. e4 e5 2. Nf3 Nc6 3. d4 exd4 4. Nxd4 d6 5. Nc3 Nf6 6. Be2 Be7 7. 0-0 0-0 8. Be3 Bd7 9. f4 h6 10. e5 dxe5 11. Nxc6 Bxc6 12. fxe5 Nd7 13. Bd4 Bb4 14. a3 Ba5 15. b4 Bb6 16. b5 Bxg2 17. Kxg2 Qg5+ 18. Kh1 Bxd4 19. Qxd4 Nxe5 20. Rg1 Qe7 21. Rae1 Rfe8 22. Nd5 Qxa3 23. Nf6+ 1-0

[Event "FICGS rapid D 000027 email"]
[Site "FICGS email"]
[Date "2009.09.10"]
[Round "1"]
[White "Marques, Joao"]
[Black "Savu, Alex"]
[Result "0-1"]
[WhiteElo "1417"]
[BlackElo "1350"]
[PlyCount "28"]
[EventDate "2009.??.??"]
[EventType "tourn (rapid)"]
[EventRounds "5"]
[SourceTitle "Corr 2022"]
[Source "ChessBase"]
[SourceDate "2021.10.24"]
[SourceVersion "1"]
[SourceVersionDate "2021.10.24"]
[SourceQuality "1"]

1. e4 d5 2. exd5 Nf6 3. d4 Nxd5 4. Nf3 g6 5. Bc4 Bg7 6. 0-0 0-0 7. Bxd5 Qxd5 8. Nc3 Qc4 9. Be3 Bg4 10. Nd2 Bxd1 11. Nxc4 Bxc2 12. Rac1 Bd3 13. Ne5 Bxf1 14. Kxf1 c6 0-1

[Event "FICGS class D 000131 email"]
[Site "FICGS email"]
[Date "2009.09.02"]
[Round "1"]
[White "Pech, Jaroslav Sr"]
[Black "Marques, Joao"]
[Result "0-1"]
[WhiteElo "1634"]
[BlackElo "1417"]
[PlyCount "34"]
[EventDate "2009.??.??"]
[EventType "tourn (corr)"]
[EventRounds "6"]
[SourceTitle "Corr 2022"]
[Source "ChessBase"]
[SourceDate "2021.10.24"]
[SourceVersion "1"]
[SourceVersionDate "2021.10.24"]
[SourceQuality "1"]

1. e4 e5 2. Nf3 Nc6 3. Bb5 a6 4. Ba4 b5 5. Bb3 Bb7 6. 0-0 Nf6 7. d3 Be7 8. Nc3 0-0 9. Nd5 d6 10. Qe1 Nd4 11. Nxe7+ Qxe7 12. Nxd4 exd4 13. f3 a5 14. a4 b4 15. Bg5 c6 16. Qg3 Kh8 17. Qh4 h6 0-1

[Event "FICGS rapid D 000024 email"]
[Site "FICGS email"]
[Date "2009.07.02"]
[Round "1"]
[White "Marques, Joao"]
[Black "Leurette, Marc Antoine"]
[Result "1-0"]
[WhiteElo "1462"]
[BlackElo "1388"]
[PlyCount "67"]
[EventDate "2009.??.??"]
[EventType "tourn (rapid)"]
[EventRounds "5"]
[SourceTitle "Corr 2022"]
[Source "ChessBase"]
[SourceDate "2021.10.24"]
[SourceVersion "1"]
[SourceVersionDate "2021.10.24"]
[SourceQuality "1"]

1. e4 e5 2. Nf3 Nc6 3. Bb5 Nf6 4. 0-0 Nxe4 5. Re1 Nd6 6. Bxc6 dxc6 7. Nxe5 Be7 8. d4 0-0 9. Nc3 b6 10. Nxc6 Qd7 11. Nxe7+ Kh8 12. Nxc8 Raxc8 13. Be3 Qf5 14. Ne2 Ne4 15. Ng3 Nxg3 16. hxg3 Rcd8 17. c3 h6 18. Qf3 Rd5 19. Qxf5 Rxf5 20. Bf4 Rb5 21. b3 c5 22. c4 Rb4 23. dxc5 bxc5 24. Bd6 Rc8 25. Re7 a5 26. Rxf7 Rb6 27. Be5 Rg6 28. Ra7 Rg5 29. Bf4 Rf5 30. Rxa5 g5 31. Bd6 h5 32. Re1 h4 33. gxh4 gxh4 34. Re5 1-0

[Event "FICGS rapid D 000024 email"]
[Site "FICGS email"]
[Date "2009.07.02"]
[Round "1"]
[White "Marques, Joao"]
[Black "Raman, Ranganathan"]
[Result "0-1"]
[WhiteElo "1462"]
[BlackElo "1446"]
[PlyCount "54"]
[EventDate "2009.??.??"]
[EventType "tourn (rapid)"]
[EventRounds "5"]
[SourceTitle "Corr 2022"]
[Source "ChessBase"]
[SourceDate "2021.10.24"]
[SourceVersion "1"]
[SourceVersionDate "2021.10.24"]
[SourceQuality "1"]

1. e4 c5 2. Nf3 Nc6 3. d4 cxd4 4. Nxd4 e5 5. Nf3 Bc5 6. Bc4 h6 7. 0-0 d6 8. Nc3 Nf6 9. Re1 a6 10. h3 Qb6 11. Na4 Qd8 12. Nxc5 dxc5 13. Qxd8+ Kxd8 14. Be3 b6 15. Bxf7 Ke7 16. Bg6 Be6 17. Rad1 Nb4 18. Nxe5 Rac8 19. c3 Nc2 20. Re2 Nxe3 21. Rxe3 c4 22. Bf5 Bxf5 23. exf5 Rhe8 24. Nxc4+ Kf8 25. Rxe8+ Rxe8 26. Kf1 b5 27. Rd6 bxc4 0-1

[Event "FICGS class E 000108 email"]
[Site "FICGS email"]
[Date "2009.06.20"]
[Round "1"]
[White "Marques, Joao"]
[Black "Budnar, Milos"]
[Result "1-0"]
[WhiteElo "1469"]
[BlackElo "1377"]
[PlyCount "81"]
[EventDate "2009.??.??"]
[EventType "tourn (corr)"]
[EventRounds "5"]
[SourceTitle "Corr 2022"]
[Source "ChessBase"]
[SourceDate "2021.10.24"]
[SourceVersion "1"]
[SourceVersionDate "2021.10.24"]
[SourceQuality "1"]

1. e4 e5 2. Nf3 Nf6 3. Nxe5 Bd6 4. Nf3 Nxe4 5. Qe2 Qe7 6. d3 0-0 7. Qxe4 Qxe4+ 8. dxe4 Nc6 9. Nc3 Bb4 10. Bd2 d6 11. Bd3 Bg4 12. Be2 Rae8 13. 0-0 Bxc3 14. Bxc3 Rxe4 15. Bd3 Re7 16. Nd4 Bd7 17. Rfe1 Rfe8 18. Rxe7 Nxe7 19. Re1 Kf8 20. Nb5 Bxb5 21. Bxb5 c6 22. Bd3 g6 23. Bf6 d5 24. Bxe7+ Rxe7 25. Rxe7 Kxe7 26. Kf1 b5 27. f4 h5 28. Kf2 a6 29. Ke3 c5 30. g3 c4 31. Be2 Kd6 32. Kd4 b4 33. Bf3 b3 34. cxb3 cxb3 35. axb3 f6 36. Bxd5 g5 37. fxg5 fxg5 38. b4 h4 39. gxh4 gxh4 40. Bb7 Kc7 41. Bxa6 1-0

[Event "FICGS class E 000108 email"]
[Site "FICGS email"]
[Date "2009.06.20"]
[Round "1"]
[White "Raman, Ranganathan"]
[Black "Marques, Joao"]
[Result "0-1"]
[WhiteElo "1396"]
[BlackElo "1469"]
[PlyCount "72"]
[EventDate "2009.??.??"]
[EventType "tourn (corr)"]
[EventRounds "5"]
[SourceTitle "Corr 2022"]
[Source "ChessBase"]
[SourceDate "2021.10.24"]
[SourceVersion "1"]
[SourceVersionDate "2021.10.24"]
[SourceQuality "1"]

1. Nf3 d5 2. Nd4 e5 3. Nb5 Nf6 4. e3 Nc6 5. c3 a6 6. N5a3 Be7 7. h3 0-0 8. d4 Bf5 9. Nd2 Bxa3 10. bxa3 e4 11. g4 Bg6 12. f4 h6 13. h4 Bh7 14. Be2 Qd7 15. Nb3 b5 16. Nc5 Qe7 17. Kd2 Na5 18. Rh3 Nd7 19. Qh1 Nxc5 20. Bb2 Na4 21. Bc1 c5 22. Qd1 cxd4 23. cxd4 Rac8 24. Ke1 Nc3 25. Qd2 Nxe2 26. Kxe2 Nc4 27. Qd1 Nxa3 28. Bxa3 Qxa3 29. Qd2 Rc3 30. h5 Rfc8 31. Kd1 Rd3 32. Qxd3 Qxd3+ 33. Ke1 Rc2 34. Rh2 Qxe3+ 35. Kf1 Rxh2 36. a4 Qf2# 0-1

[Event "FICGS class E 000108 email"]
[Site "FICGS email"]
[Date "2009.06.20"]
[Round "1"]
[White "Stoyanov, Zdravko"]
[Black "Marques, Joao"]
[Result "1-0"]
[WhiteElo "1275"]
[BlackElo "1469"]
[PlyCount "57"]
[EventDate "2009.??.??"]
[EventType "tourn (corr)"]
[EventRounds "5"]
[SourceTitle "Corr 2022"]
[Source "ChessBase"]
[SourceDate "2021.10.24"]
[SourceVersion "1"]
[SourceVersionDate "2021.10.24"]
[SourceQuality "1"]

1. e4 e5 2. Nf3 Nc6 3. Bb5 a6 4. Bxc6 dxc6 5. h3 Nf6 6. d3 Bd6 7. a3 0-0 8. Bg5 Qe7 9. 0-0 Qe6 10. Nbd2 h6 11. Bh4 Nh5 12. Nh2 Nf4 13. Bg3 Ng6 14. c4 b5 15. b4 Bb7 16. c5 Be7 17. Ndf3 a5 18. Ng4 axb4 19. axb4 f6 20. Rxa8 Rxa8 21. Qe2 Qb3 22. Qd2 Ra2 23. Qe1 Qxd3 24. Qe3 Qxe3 25. Nxe3 Rb2 26. Nf5 Rxb4 27. N3h4 Bxc5 28. Nxg6 Rxe4 29. Rd1 1-0

[Event "FICGS rapid D 000019 email"]
[Site "FICGS email"]
[Date "2009.03.09"]
[Round "1"]
[White "Marques, Joao"]
[Black "Leurette, Marc Antoine"]
[Result "0-1"]
[WhiteElo "1433"]
[BlackElo "1330"]
[PlyCount "46"]
[EventDate "2009.??.??"]
[EventType "tourn (rapid)"]
[EventRounds "5"]
[SourceTitle "Corr 2022"]
[Source "ChessBase"]
[SourceDate "2021.10.24"]
[SourceVersion "1"]
[SourceVersionDate "2021.10.24"]
[SourceQuality "1"]

1. e4 e5 2. Nf3 Nc6 3. Bc4 Nf6 4. 0-0 Nxe4 5. Re1 d5 6. Bb5 Bc5 7. d4 exd4 8. Nxd4 0-0 9. Bxc6 bxc6 10. Be3 Qd6 11. Nd2 f5 12. N2b3 Bb4 13. c3 Nxc3 14. bxc3 Bxc3 15. Qc2 Bxa1 16. Rxa1 Bd7 17. Nc5 f4 18. Nxd7 Qxd7 19. Bd2 Rf6 20. Rc1 Qg4 21. Nxc6 Re8 22. Re1 Rxe1+ 23. Bxe1 f3 0-1

[Event "FICGS rapid D 000019 email"]
[Site "FICGS email"]
[Date "2009.03.09"]
[Round "1"]
[White "Sengupta, Arnab"]
[Black "Marques, Joao"]
[Result "1-0"]
[WhiteElo "1327"]
[BlackElo "1433"]
[PlyCount "37"]
[EventDate "2009.??.??"]
[EventType "tourn (rapid)"]
[EventRounds "5"]
[SourceTitle "Corr 2022"]
[Source "ChessBase"]
[SourceDate "2021.10.24"]
[SourceVersion "1"]
[SourceVersionDate "2021.10.24"]
[SourceQuality "1"]

1. d4 d5 2. c4 Nf6 3. Nf3 e6 4. Nc3 c5 5. cxd5 exd5 6. Bg5 Be6 7. e4 dxe4 8. Nxe4 Be7 9. Bb5+ Nbd7 10. Bxf6 gxf6 11. 0-0 a6 12. Bxd7+ Bxd7 13. dxc5 Rg8 14. Re1 Kf8 15. Qd2 Qc7 16. Qh6+ Rg7 17. Ng3 Bg4 18. h3 Bxf3 19. Nf5 1-0

[Event "FICGS W-ch st1 g01 email"]
[Site "FICGS email"]
[Date "2009.02.03"]
[Round "1"]
[White "Mamonov, Petr"]
[Black "Marques, Joao"]
[Result "1-0"]
[WhiteElo "1740"]
[BlackElo "1478"]
[PlyCount "29"]
[EventDate "2009.??.??"]
[EventType "tourn (corr)"]
[EventRounds "8"]
[SourceTitle "Corr 2022"]
[Source "ChessBase"]
[SourceDate "2021.10.24"]
[SourceVersion "1"]
[SourceVersionDate "2021.10.24"]
[SourceQuality "1"]

1. e4 d5 2. exd5 Nf6 3. d4 Nxd5 4. c4 Nf6 5. Nf3 Bg4 6. Be2 e6 7. Qb3 b6 8. 0-0 Be7 9. h3 Bh5 10. Nc3 0-0 11. Be3 Nc6 12. Rfd1 Rc8 13. Qa4 Qe8 14. c5 Rd8 15. Bb5 1-0

[Event "FICGS W-ch st1 g01 email"]
[Site "FICGS email"]
[Date "2009.02.03"]
[Round "1"]
[White "Sammut, Ronald"]
[Black "Marques, Joao"]
[Result "1-0"]
[WhiteElo "2063"]
[BlackElo "1478"]
[PlyCount "21"]
[EventDate "2009.??.??"]
[EventType "tourn (corr)"]
[EventRounds "8"]
[SourceTitle "Corr 2022"]
[Source "ChessBase"]
[SourceDate "2021.10.24"]
[SourceVersion "1"]
[SourceVersionDate "2021.10.24"]
[SourceQuality "1"]

1. e4 d5 2. exd5 Nf6 3. d4 Nxd5 4. Nf3 Bg4 5. Be2 e6 6. 0-0 Bd6 7. h3 Bh5 8. c4 Nf4 9. Bxf4 Bxf4 10. Qb3 b6 11. Qb5+ 1-0

[Event "FICGS rapid D 000016 email"]
[Site "FICGS email"]
[Date "2008.11.11"]
[Round "1"]
[White "Huxtable, Simon"]
[Black "Marques, Joao"]
[Result "1-0"]
[WhiteElo "1434"]
[BlackElo "1462"]
[PlyCount "59"]
[EventDate "2008.??.??"]
[EventType "tourn (rapid)"]
[EventRounds "5"]
[SourceTitle "Corr 2022"]
[Source "ChessBase"]
[SourceDate "2021.10.24"]
[SourceVersion "1"]
[SourceVersionDate "2021.10.24"]
[SourceQuality "1"]

1. d4 Nf6 2. c4 e6 3. Nc3 d5 4. Bg5 Be7 5. Nf3 0-0 6. Bxf6 Bxf6 7. e4 dxc4 8. e5 Bh4 9. Bxc4 Nc6 10. Ne4 Be7 11. 0-0 a6 12. a4 Na5 13. Ba2 Nc6 14. Nc3 Nb4 15. Bb1 Qd7 16. Qe2 b6 17. Rd1 Bb7 18. Be4 Bc6 19. a5 Bxe4 20. Qxe4 b5 21. d5 Nxd5 22. Nxd5 exd5 23. Rxd5 Qe6 24. Rad1 Rad8 25. Rxd8 Bxd8 26. Nd4 Qc4 27. Qf3 Re8 28. Nc6 Bg5 29. b3 g6 30. bxc4 1-0

[Event "FICGS rapid D 000016 email"]
[Site "FICGS email"]
[Date "2008.11.11"]
[Round "1"]
[White "Marques, Joao"]
[Black "Leurette, Marc Antoine"]
[Result "1-0"]
[WhiteElo "1462"]
[BlackElo "1395"]
[PlyCount "55"]
[EventDate "2008.??.??"]
[EventType "tourn (rapid)"]
[EventRounds "5"]
[SourceTitle "Corr 2022"]
[Source "ChessBase"]
[SourceDate "2021.10.24"]
[SourceVersion "1"]
[SourceVersionDate "2021.10.24"]
[SourceQuality "1"]

1. e4 e5 2. Nf3 Nc6 3. Bb5 Nf6 4. 0-0 Nxe4 5. Re1 Nd6 6. Bxc6 dxc6 7. Nxe5 Be7 8. Nc3 0-0 9. d4 Bf5 10. h3 Qd7 11. Nxd7 Bxd7 12. Rxe7 Rad8 13. Bf4 Rfe8 14. Bxd6 cxd6 15. Qe2 Kf8 16. Rxe8+ Rxe8 17. Qh5 h6 18. Kf1 b6 19. Re1 f6 20. Rxe8+ Bxe8 21. Qf3 c5 22. dxc5 dxc5 23. Qb7 Bg6 24. Qxa7 Bxc2 25. Qxb6 c4 26. Qc5+ Kf7 27. Qxc4+ Kg6 28. a4 1-0